000 00531nam a2200181 4500
001 138712
003 ES-MaACL
005 20230906195623.0
007 t|
008 070214s1959 sp r ||||1| spa d
100 1 _aSantner, Inge.
_9103437
245 1 0 _aFederica de Gracia /
_cInge Santner ; [traducción de Mariano Orta Manzano].
250 _a1ª ed.
260 _aBarcelona :
_bJuventud,
_c1959.
300 _a228 p., 8 lám. ;
_c22 cm.
700 1 _aOrta Manzano, Mariano.
_987384
852 _aES-MaACL
_jC-16458
_bR.44656
999 _c138712
_d138712